Combination 1 /

Saved in:
Bibliografiske detaljer
Hovedforfatter: Sei, Leeza
Format: Bog
Sprog:engelsk
Udgivet: Planet Manga 2002
Tags: Tilføj Tag
Ingen Tags, Vær først til at tagge denne postø!

MARC

LEADER 00000nam a2200000 4500
003 ge
005 20251010145952.0
008 231108b |||||||| 6||| 00| 0 eng d
020 |a 2845380771 
040 |c C 
082 |a 741.5952 
100 |a Sei, Leeza 
245 |a Combination 1 /  |c Leeza Sei 
260 |b Planet Manga  |c 2002 
690 |a Fumetti 
942 |2 ddc  |c BK  |n 0 
952 |0 0  |1 0  |2 ddc  |4 0  |6 741_500000000000000_SEI_COM  |7 1  |9 143  |a GE  |b GE  |d 2023-11-08  |l 0  |o 741.5 SEI COM  |p 1901  |r 2023-11-08 15:44:03  |w 2023-11-08  |y BK 
999 |c 121  |d 121